000 01001njm a2200277Ia 4500
001 20377
003 IT-RoPAU
005 20220918181128.0
008 131025s9999 xx 000 0 und d
040 _aIT-RoPAU
040 _cIT-RoPAU
999 _c100317
_d100317
999 _bn.d.
100 _aCage John
_91490
100 _eAutore musica
_91491
100 _gCodice autore musica SPICS: 8634
_91492
245 _aJohn Cage (1)
250 _a1a ed.
260 _aROMA
260 _bSPICS RECORDS
_c1982 [1a Ed.:1982]
300 _aMUSICASSETTA
300 _c72 minuti (Testo: pag.)
500 _aMusica strumentale
505 _aTre danze per due pianoforti (Three Dances-1945) - First Constructions in Metal (1937) - Bacchanale per pianoforte preparato (1938) - Double Music per 4 percussioni (1941) - Amores per strumenti a percussione e pianoforte preparato (1943) - Sonatas e interludes per pianoforte preparato
650 _aSTRUMENTALE [CASSETTE]
_eCodice MATERIA SPICS: 9951
_91218
942 _cMC
_2ddc